1243 1689 1526 1561 1822 1500 1626 1432 1742 1977 1514 1551 1005 1711 1577 1260 1901 1482 1285 1241 1103 1657 1265 1190 1024 1990 1007 1485 1239 1598 1425 1637 1808 1752 1160 1200 1734 1993 1946 1005 1349 1508 1534 1368 1188 1589 1826 1940 1344 1727 1685 1768 1783 1417 1942 1699 1417 1647 1200 1725 1982 1002 1539 1441 1634 1387 1094 1738 1915 1606 1578 1147 1511 1946 1810 1100 1984 1600 1045 1406 1208 1999 1948 1178 1891 1719 1088 1463 1662 1311 1078 1264 1514 1585 1904 1238 1784 1413 1973 BCNSPRNW ULIB Ver.6.0+V

เปลี่ยนเป็นภาษาไทย

Change to English
 แสดงรายละเอียดบรรณานุกรม
  กลับหน้าหลัก

Brief Record : Get Marc (ISO 2709) : E-mail record : QR code < ปิดหน้าต่าง
LEADER : 00000nam 2200000uu 4500
001    13399112624
003     ULIB
008    110829s2548||||th 000 0 tha d
020    9744659742
050 04 HV520.D7^bห215ผ 2548
245 00 ผลการดำเนินงานงดเหล้าเข้าพรรษา 47 /^cสมาคมหมออนามัย สถาบันพระบรมราชชนก
260    กรุงเทพฯ :^bสมาคมหมออนามัย,^c2548
300    145 หน้า :^bภาพประกอบ
504    บรรณานุกรม: หน้า 75-76
650  7 การดื่มเครื่องดื่มที่มีแอลกอฮอล์
650  7 สุรา
710 20 สถาบันพระบรมราชชนก.^bสมาคมหมออนามัย
945    ^p0^l0^i017056
945    ^p0^l0^i017057
995    ทศพร
999 ^a ทศพร
รายการนี้ยังไม่มีแท็ก
คุณยังไม่ได้ล็อกอิน คุณสามารถมีกิจกรรมร่วมกับเว็บไซต์ได้ แต่ต้องล็อกอินก่อน ::
  ล็อกอิน

รายการสื่อสารสนเทศ

ลำดับที่ ประเภท เลขเรียก/บาร์โค้ด สถานที่ สถานะ
- ไม่พบข้อมูล -

รายการใกล้เคียง
    หัวเรื่อง [การดื่มเครื่องดื่มที่มีแอลกอฮอล์]
    หัวเรื่อง [สุรา]

BibComment


ยังไม่เคยถูกคอมเมนท์

คอมเมนท์ทรัพยากรรายการนี้
  คอมเมนท์: ผลการดำเนินงานงดเ..


 Copyright 2026. Bcnsprnw @Library